| 000 | 00453nam a2200181Ia 4500 | ||
|---|---|---|---|
| 001 | 11401 | ||
| 005 | 20260306162825.0 | ||
| 008 | 260306t2022||||xx |||||||||||||| ||spa|| | ||
| 041 | _aESP | ||
| 082 |
_a985.04 _bZ89 |
||
| 100 |
_aZubieta Núñez, Filomeno, _eAUT |
||
| 245 | 0 | _aEl Norte Chico en el proceso de la independencia | |
| 260 | _c2022 | ||
| 300 |
_a303 páginas : _c24 cm. |
||
| 650 | _aGEN | ||
| 654 | _aCHU | ||
| 942 |
_cLIB _dJUS _fJUS _2ddc _n |
||
| 999 |
_c11401 _d11401 |
||